Statistieken voor Noem een ​​Nederlandse stad A-Z

Klik hier om de quiz te nemen!

Algemene statistieken

  • Deze quiz is 2.269 keer genomen
  • De gemiddelde score is 12 van 18

Antwoordstatistieken

LetterStad% Correct
AAmsterdam | Almere | Amersfoort |
Apeldoorm | Arnhem | Alkmaar | Arnhem |
Alphen aan den Rijn | Almelo | Assen
100%
GGroningen | Gouda
86%
RRotterdam | Roosendaal
86%
EEindhoven | Enschede | Ede | Emmen
84%
HHaarlem | Heerlen | Hilversum |
Helmond | Hoofddorp
| Hoorn | Heerhugowaard | Hengelo
83%
UUtrecht
82%
LLeiden | Leeuwarden | Lelystad
82%
BBreda | Barendrecht | Bergen op Zoom
79%
MMaastricht
77%
ZZoetermeer | Zwolle | Zeist
66%
DDordrecht | Deventer
66%
NNijmegen | Nieuwegein
65%
TTilburg
58%
VVelsen | Venlo | Veenendaal
57%
S's Hertogenbosch | Spijkenisse |
's-Gravenhage
47%
OOss
27%
PPurmerend
25%
IIJmuiden
21%

Scoreverdeling

Percentiel versus Aantal Correcte Antwoorden

Procent van Mensen met Elke Score

Uw Scoregeschiedenis

U heeft deze quiz nog niet genomen